The Renaissence architecture of Central and Northern Spain (Record no. 5306)

MARC details
000 -CABECERA
campo de control de longitud fija 00747nam a2200229 a 4500
001 - NÚMERO DE CONTROL
campo de control BRCA_5612
005 - FECHA Y HORA DE LA ÚLTIMA TRANSACCIÓN
campo de control 20190320205143.0
008 - DATOS DE LONGITUD FIJA--INFORMACIÓN GENERAL
campo de control de longitud fija 210211s1920----nyua######---#001-0#eng-#
041 ## - CÓDIGO DE LENGUA
Código de lengua del texto/banda sonora o título independiente eng
044 ## - CÓDIGO DEL PAÍS DE LA ENTIDAD EDITORA/PRODUCTORA
Código MARC del país nyu
050 #4 - SIGNATURA TOPOGRÁFICA DE LA BIBLIOTECA DEL CONGRESO
Número de clasificación NA1304
Número de documento/Ítem .W45 1920
100 1# - ENTRADA PRINCIPAL--NOMBRE DE PERSONA
Nombre de persona Whittlesey, Austin
9 (RLIN) 14302
245 10 - MENCIÓN DE TÍTULO
Título The Renaissence architecture of Central and Northern Spain
Resto del título a collection of photographs and measured drawings
Mención de responsabilidad, etc. by Austin Whittlesey.
260 ## - PUBLICACIÓN, DISTRIBUCIÓN, ETC.
Lugar de publicación, distribución, etc. Nueva York
Nombre del editor, distribuidor, etc. Architectural Book Publishing
Fecha de publicación, distribución, etc. 1920
300 ## - DESCRIPCIÓN FÍSICA
Extensión xii p.
Otras características físicas il., 121 láminas
Dimensiones 32 cm.
500 ## - NOTA GENERAL
Nota general Incluye índice de láminas
500 ## - NOTA GENERAL
Nota general F90
650 14 - PUNTO DE ACCESO ADICIONAL DE MATERIA--TÉRMINO DE MATERIA
Término de materia o nombre geográfico como elemento de entrada Arquitectura
Subdivisión general Historia
Subdivisión geográfica España
9 (RLIN) 14303
650 14 - PUNTO DE ACCESO ADICIONAL DE MATERIA--TÉRMINO DE MATERIA
Término de materia o nombre geográfico como elemento de entrada Arquitectura renacentista
9 (RLIN) 14304
902 ## - CATALOGADOR
Iniciales GFM
942 ## - ELEMENTOS DE PUNTO DE ACCESO ADICIONAL (KOHA)
Fuente del sistema de clasificación o colocación Library of Congress Classification
Tipo de ítem Koha Libros
Holdings
Estado de retiro Estado de pérdida Estado dañado No para préstamo Localización permanente Ubicación/localización actual Fecha de adquisición Número de inventario Total de préstamos Signatura topográfica completa Código de barras Fecha visto por última vez Precio válido a partir de Tipo de ítem Koha
El ejemplar forma parte de la colección y puede ser consultado según las políticas vigentes.       Biblioteca del Museo Franz Mayer (Rogerio Casas-Alatriste) Biblioteca del Museo Franz Mayer (Rogerio Casas-Alatriste) 15/02/2011 F90   NA1304 .W45 1920 (F90) 6048 22/03/2019 22/03/2019 Libros